000 01903nam a2200193 a 4500
001 ASIN1848852614
005 20170105102923.0
008 131209s2010 xxu eng d
020 _a1848852614 (paperback)
_c$32.00
020 _a9781848852617 (paperback)
040 _a0
100 1 _aBarrett, Roby C.
245 1 4 _aThe greater middle east and the cold war :
_bus foreign policy under eisenhower and kennedy /
_cRoby C. Barrett.
260 _a[S.l.] :
_bI. B. Tauris,
_c2010.
300 _a520 p. ;
_c23 cm.
520 _aAt the height of the Cold War, the US sought to maintain power and influence in the Greater Middle East -- the region from Morocco to India -- in the context of a growing threat from Russia and the decline of British imperialism.  This original and important study illuminates this tense period in international relations, offering many new insights into the global situation of the 1950s and 1960s. Roby Barrett casts fresh light on US foreign policy under Eisenhower and Kennedy, drawing on extensive research in archives and document collections from Kansas to Canberra and numerous interviews with key policy makers and observers from both the Eisenhower and Kennedy administrations. He explores the application of the Cold War containment policy through economic development and security assistance, highlighting the fundamental similarities between the goals and application of foreign policy in the Eisenhower and Kennedy administrations as well as the impact of British influence on the process. And in the process this book draws some unexpected conclusions, arguing that Eisenhower’s policies were ultimately more successful than Kennedy’s, and offers an important and revisionist contribution to our understanding of the Cold War and the Middle Eas
856 _3Amazon.com
_uhttp://www.amazon.com/exec/obidos/ASIN/1848852614/chopaconli
942 _2ddc
_cBK
999 _c15670
_d15670